| 000 | 00492nam a2200181Ia 4500 | ||
|---|---|---|---|
| 005 | 20250326125611.0 | ||
| 008 | 250326s9999 xx 000 0 und d | ||
| 037 | _aTextbook | ||
| 040 |
_aFMSL _beng _cFMSL |
||
| 041 |
_aeng _2eng |
||
| 084 |
_aX:979D K7 _qFMSL |
||
| 100 | _aArya V P | ||
| 245 | 0 |
_aStrikes, lock-outs and gheraos _cArya V P |
|
| 260 |
_aNew Delhi _bNew Delhi, Oxford And IBH _c1967 |
||
| 300 | _a74p | ||
| 942 |
_cTB _hX:979D K7 |
||
| 999 |
_c1278756 _d1278756 |
||